Petit Bac - Lettre Z - Statistiques

Statistiques générales
  • Ce quiz a été pris 2 898 fois
  • Le résultat moyen est 5 sur 10
Statistiques - réponses
Catégories : Réponses en Z % Correct
Prénom Zazie / Zelda / Zélie / Zita / Zoé / Zacharie / Zachée / Zadig / Zéphirin / Zéphyr / Zinedine / Zack / Zac / Zaccaria / Zacari / Zadig / Zael / Zae / Zayra / Zellie / Zorro / Zoro
96%
Animal Zabre / Zapode / Zèbre / Zébrule / Zébu / Zibeline / Zokor / Zorille / Zygène / Zyzomys
90%
Pays Zaïre / Zambie / Zimbabwe
86%
Marque Zadig & Voltaire / Zalando / Zanotti / Zapa / Zara / Zebra / Zeeman / Zippo / Zodiac / Zalman / Zapetti / Zodio / Zoeva / Zenvo / Zsport / Zooplus / Zubrowska / Zalando / ZeratoR / ZOOM / Zen / Zenvo
73%
Métier Zingueur / Zoologiste / Zoologue / Zoothérapeute / Zythologue
59%
Objet Zappette / Zip / Zircon / Zodiac / Zoom / Zeppelin / Zythum / Ziggourat / Zuzupet / Zéolithe / Zapper
33%
Sport Zumba / Zen Hakko Kaï
20%
Partie du corps Zygomatique / Zonule
16%
Fruit ou Légume Zatte
7%
Vêtement Zamarra / Zentai
4%
Aucun quiz correspondant
Distribution des résultats
% des personnes avec chaque résultat
Percentile par nombre de réponses
Votre historique - résultats
Vous n’avez pas pris ce quiz